[Event "Budapest FS08 IM"]
[Site "Budapest"]
[Date "1996.??.??"]
[Round "2"]
[White "Zucchelli, Massimo"]
[Black "Gladyszev, Oleg"]
[Result "0-1"]
[WhiteElo "2190"]
[BlackElo "2310"]

1.d4 Nf6 2.Bg5 g6 3.Bxf6 exf6 4.g3 Bg7 5.Bg2 O-O 6.c4 f5 7.Nc3 d6 8.e3 Nd7
9.Nge2 c6 10.O-O Nf6 11.b4 a6 12.a4 Bd7 13.Rb1 Re8 14.Qd3 h5 15.b5 axb5 16.axb5 Ra3
17.Qc2 Qa5 18.Rb3 h4 19.Rxa3 Qxa3 20.Rb1 hxg3 21.hxg3 Qa5 22.Qb3 Bh6 23.bxc6 bxc6
24.Qb6 Qa8 25.Qc7 Bf8 26.Qb7 Qxb7 27.Rxb7 Ra8 28.Bf3 Ra6 29.Rb8 Kg7 30.e4 g5
31.Rb7 Ra1+ 32.Kh2 fxe4 33.Nxe4 Nxe4 34.Bxe4 Be6 35.d5 cxd5 36.cxd5 Bg4 37.Nd4 Ra4
38.Ne6+ Bxe6 39.dxe6 Rxe4 40.Rxf7+ Kg8 41.Rf5 Be7  0-1

[Event "Budapest FS03 IM"]
[Site "Budapest"]
[Date "1996.??.??"]
[Round "4"]
[White "Molnar, Bela"]
[Black "Bors, Tamas"]
[Result "1-0"]
[WhiteElo "2360"]
[BlackElo "2150"]

1.d4 Nf6 2.Bg5 d5 3.Bxf6 exf6 4.e3 Be6 5.g3 c6 6.Nd2 Nd7 7.Bg2 f5 8.Ne2 Bd6
9.c3 Nf6 10.Nf4 Qe7 11.Qe2 O-O 12.O-O Ne4 13.Nf3 b5 14.Nd3 f6 15.Nd2 Rfe8
16.Nb3 g6 17.Rae1 Bf7 18.f3 Ng5 19.Nbc5 Ne6 20.Nxe6 Qxe6 21.Qf2 Qd7 22.Qd2 Re7
23.Re2 Rae8 24.Kf2 Kg7 25.Ra1 Qc7 26.b4 h5 27.a4 h4 28.f4 Rh8 29.axb5 cxb5
30.Ra5 Qc6 31.Nc5 Bb8 32.Qa2 hxg3+ 33.hxg3 Rd8 34.Re1 Rh8 35.Qe2 Be8 36.Qf3 Bf7
37.Rh1 Rxh1 38.Bxh1 Bd6 39.Ra6 Qc7 40.Qe2 Bxc5 41.dxc5 Qb8 42.Qd1 Qe8 43.Qd4 Be6
44.Bg2 Qf7 45.Rd6 Rd7 46.Ra6 Rc7 47.c6 Kh7 48.Qc5 Kg7 49.Qd6 Re7 50.c7 Bc8
51.Rxa7 Qe8 52.Qc5 d4 53.Qxd4 Rd7 54.Bc6 Rxd4 55.Bxe8 Rc4 56.Bxb5 Rxc3 57.Ba6 Ra3
58.b5 Kh6 59.Bxc8 Rxa7 60.Bb7  1-0

[Event "Budapest FS03 IM"]
[Site "Budapest"]
[Date "1996.??.??"]
[Round "4"]
[White "Szabo, Zsolt"]
[Black "Farago, Sandor"]
[Result "0-1"]
[WhiteElo "2370"]
[BlackElo "2365"]

1.d4 Nf6 2.Bg5 g6 3.Bxf6 exf6 4.h4 Bg7 5.h5 f5 6.e3 d6 7.Bc4 Qe7 8.Ne2 c6
9.Nf4 Nd7 10.Nc3 Nb6 11.Bb3 Bf6 12.a4 g5 13.Nfe2 a5 14.Qd2 d5 15.O-O-O h6
16.Rhe1 O-O 17.g4 fxg4 18.e4 dxe4 19.Ng3 Bg7 20.Rxe4 Qd6 21.Rde1 Nd5 22.Nxd5 cxd5
23.Re5 Bxe5 24.Rxe5 Qf6 25.Bxd5 Ra6 26.Ne4 Qf4 27.c4 Rb6 28.Qe3 Be6 29.c5 Rb4  0-1

[Event "Budapest FS02 IM"]
[Site "Budapest"]
[Date "1996.??.??"]
[Round "5"]
[White "Hausrath, Daniel"]
[Black "Kiss, Gedeon"]
[Result "1-0"]
[WhiteElo "2390"]
[BlackElo "2130"]

1.d4 Nf6 2.Bg5 d5 3.Nf3 Nbd7 4.e3 e6 5.Nbd2 Be7 6.Bd3 O-O 7.O-O h6 8.Bh4 c5
9.c3 b6 10.Qb1 Bb7 11.Re1 Rc8 12.a4 Qc7 13.b4 cxb4 14.cxb4 Qc3 15.b5 g5 16.Bg3 g4
17.Ne5 Qxd2 18.Re2 Qa5 19.f3 Bb4 20.Nxd7 Nxd7 21.fxg4 Bc3 22.Raa2 Qb4 23.Qf1 Qe7
24.Bf4 Qf6 25.Rf2 Qg7 26.Bd6 Rfe8 27.Rf3 e5 28.Raf2 f6 29.Bf5 exd4 30.Bxd7 dxe3
31.Bxe8 exf2+ 32.Qxf2 d4 33.Bc6 Bxc6 34.bxc6 Rxc6 35.Rxf6 Bd2 36.Rf8+ Kh7
37.Qf5+ Qg6 38.Rf7+ Kh8 39.Qxg6 Be3+ 40.Kf1  1-0

[Event "Budapest FS08 IM"]
[Site "Budapest"]
[Date "1996.??.??"]
[Round "6"]
[White "Zucchelli, Massimo"]
[Black "Kahn, Evarth"]
[Result "0-1"]
[WhiteElo "2190"]
[BlackElo "2380"]

1.d4 Nf6 2.Bg5 g6 3.Bxf6 exf6 4.e3 Bg7 5.g3 c6 6.Bg2 Qb6 7.Qc1 d6 8.Nd2 O-O
9.Ngf3 f5 10.O-O Nd7 11.c3 Nf6 12.a4 a5 13.Qc2 h6 14.Ne1 Be6 15.Nd3 Bd5 16.f3 c5
17.c4 Be6 18.d5 Bd7 19.Rae1 Rae8 20.Re2 h5 21.Rfe1 h4 22.b3 hxg3 23.hxg3 Qd8
24.Nf1 Nh5 25.f4 Bf6 26.Bf3 Ng7 27.Rh2 Re7 28.Qg2 Bc3 29.Qh3 f6 30.Qh7+ Kf7
31.Rh6 Rg8 32.Rxg6 Kf8 33.Rc1 Be8 34.Rh6 Qd7 35.Rh3 Bb4 36.Nxb4 axb4 37.Qh4 Rf7
38.Rc2 Ke7 39.e4 fxe4 40.Bxe4 Nf5 41.Bxf5 Qxf5 42.Re2+ Kd8 43.Re3 Rfg7 44.Kf2 Kc7
45.Rh2 Bd7 46.Qh5 Qb1 47.Qe2 Bg4 48.Qd3 Qb2+ 49.Kg1 Qa1 50.Qd2 Qb1 51.Qc2 Qxc2
52.Rxc2 Bh3 53.Rce2 Bxf1 54.Kxf1 Rxg3 55.Kf2 Rg2+ 56.Kf3 R8g3+ 57.Ke4 Rxe2
58.Rxe2 Rxb3 59.Rf2 Rc3 60.Kf5 Rxc4 61.Kxf6 b3 62.f5 Rc2 63.Rf1 b2 64.Rb1 c4
65.Kf7 c3 66.f6 Rf2 67.Ke7 Re2+ 68.Kf8 Rf2 69.f7 c2 70.Rxb2 Rxf7+ 71.Kxf7 c1=Q  0-1

[Event "Budapest FS02 IM"]
[Site "Budapest"]
[Date "1996.??.??"]
[Round "7"]
[White "Hennig, Dirk"]
[Black "Kiss, Fernanda"]
[Result "1-0"]
[WhiteElo "2355"]
[BlackElo "2160"]

1.d4 Nf6 2.Bg5 c5 3.Bxf6 gxf6 4.d5 Qb6 5.Qc1 f5 6.e3 Bg7 7.c3 d6 8.Nh3 Nd7
9.Nf4 Nf6 10.Bc4 Bd7 11.O-O O-O 12.a4 Qc7 13.Qc2 Rae8 14.Rd1 Kh8 15.Nd2 e5
16.Ne2 Nh5 17.Bd3 e4 18.Bc4 Rg8 19.Nf1 Be5 20.Nfg3 Nf6 21.Nf4 Qd8 22.Be2 Ng4
23.Bxg4 Rxg4 24.Nge2 Reg8 25.g3 R4g5 26.Ng2 Be8 27.Nef4 Qe7 28.Rf1 f6 29.f3 Bxf4
30.exf4 Rh5 31.Rae1 Bg6 32.Kh1 Qg7 33.Nh4 Re8 34.fxe4 Qe7 35.exf5 Qxe1 36.Rxe1 Rxe1+
37.Kg2 Rxh4 38.fxg6 Rg4 39.gxh7 Rg7 40.Qf5 Rge7 41.Qxf6+ Kxh7 42.f5 R7e2+
43.Kh3 Rh1 44.Qg6+ Kh8 45.Qh5+  1-0

[Event "Budapest FS05 IM"]
[Site "Budapest"]
[Date "1996.??.??"]
[Round "9"]
[White "Hennig, Dirk"]
[Black "Kolus, Lajos"]
[Result "1/2-1/2"]
[WhiteElo "2355"]
[BlackElo "2190"]

1.d4 Nf6 2.Bg5 g6 3.Bxf6 exf6 4.e3 Bg7 5.c4 O-O 6.Nc3 f5 7.g3 d6 8.Bg2 Nd7
9.Nge2 c6 10.O-O Nf6 11.Qc2 Re8 12.b4 Qe7 13.a4 Ne4 14.Rab1 h5 15.b5 h4 16.Nxe4 fxe4
17.Nc3 Bf5 18.a5 Rac8 19.a6 bxa6 20.bxc6 Rxc6 21.Nd5 Qe6 22.Qa2 Rec8 23.Rb7 Bf8
24.Rxa7 h3 25.Bh1 Rxc4 26.Nf4 Qe8  1/2-1/2

[Event "Budapest FS09 GM"]
[Site "Budapest"]
[Date "1996.??.??"]
[Round "11"]
[White "Legky, Nikolay A"]
[Black "Fang, Joseph"]
[Result "1-0"]
[WhiteElo "2540"]
[BlackElo "2375"]

1.d4 Nf6 2.Bg5 c5 3.Bxf6 gxf6 4.d5 Qb6 5.Nd2 f5 6.e3 Qxb2 7.Rb1 Qf6 8.Ne2 Bh6
9.Ng3 f4 10.Nde4 Qe5 11.exf4 Bxf4 12.Bd3 h5 13.O-O h4 14.Nf5 d6 15.Nexd6+ exd6
16.Re1 Bxh2+ 17.Kh1 Kd8 18.Rxe5 Bxe5 19.Qd2 Kc7 20.f4 Bf6 21.Qa5+ b6 22.Rxb6 axb6
23.Qxa8 Bb7 24.Qa7 Rd8 25.a4 Bc3 26.Bb5 Ba5 27.Ne7 Nd7 28.Ba6  1-0

[Event "Budapest FS03 IM"]
[Site "Budapest"]
[Date "1996.??.??"]
[Round "12"]
[White "Molnar, Bela"]
[Black "Kahn, Evarth"]
[Result "1/2-1/2"]
[WhiteElo "2360"]
[BlackElo "2315"]

1.d4 Nf6 2.Bg5 g6 3.Bxf6 exf6 4.g3 Bg7 5.c3 f5 6.Bg2 d6 7.e3 O-O 8.Ne2 c6
9.Nd2 Nd7 10.O-O Qe7  1/2-1/2

[Event "JUG-chT"]
[Site "Budva"]
[Date "1996.??.??"]
[Round "6"]
[White "Certic, Branimir"]
[Black "Marinkovic, Ivan"]
[Result "0-1"]
[WhiteElo "2440"]
[BlackElo "2490"]

1.d4 Nf6 2.Bg5 c5 3.Nc3 Qa5 4.Bxf6 gxf6 5.e3 f5 6.Qf3 e6 7.d5 Bg7 8.Ne2 Qb4
9.O-O-O Qg4 10.Nb5 Be5 11.Qxg4 fxg4 12.d6 Na6 13.g3 Kd8 14.h3 gxh3 15.Rxh3 Nb4
16.Rh5 Bg7 17.a3 Nd5 18.Bg2 a6 19.Nbc3 Nf6 20.Rxc5 Rb8 21.Ne4 Nxe4 22.Bxe4 f5
23.Bf3 b5 24.g4 fxg4 25.Bxg4 Rb6 26.Ng3 Bb7 27.Rh5 Bf8 28.e4 Rxd6 29.Rxd6 Bxd6
30.e5 Bc5 31.f3 Be3+ 32.Kd1 h6 33.Ke2 Bc1 34.b3 Bxa3 35.Ne4 Bxe4 36.fxe4 Bc1
37.Rh1 Bb2 38.Rh5 Kc7 39.Kd3 Rg8 40.Bf3 Rg3 41.Ke2 Rg6 42.Kd2 Kc6 43.Be2 Kc5
44.c3 Rg3 45.b4+ Kb6 46.Bd3 Rg2+ 47.Be2 Bxc3+ 48.Kxc3 Rxe2 49.Kd3 Rb2 50.Kc3 Rg2
51.Rxh6 Rg3+ 52.Kd4 Rg1 53.Kc3 Rc1+ 54.Kb3 Re1 55.Rh4 Re3+ 56.Kc2 Rg3 57.Rh7 Kc7
58.Rh8 Rg5 59.Kd3 Rxe5 60.Kd4 Rg5 61.Ra8 Kb7 62.Rd8 Kc6 63.Rc8+ Kd6 64.Ra8 e5+
65.Kc3 Rg3+ 66.Kc2 Ra3 67.Kb2 Rd3 68.Rxa6+ Kc7  0-1

[Event "ARG-ch qf"]
[Site "Buenos Aires"]
[Date "1996.??.??"]
[Round "1"]
[White "Benko, Francisco"]
[Black "Anelli, Antonio"]
[Result "1/2-1/2"]
[WhiteElo "2160"]
[BlackElo "2305"]

1.d4 Nf6 2.Bg5 g6 3.Nc3 Bg7 4.e4 h6 5.Be3 d6 6.f3 e5 7.dxe5 dxe5 8.Qxd8+ Kxd8
9.O-O-O+ Bd7 10.Bc4 Ke7 11.Bc5+ Ke8 12.Nge2 a6 13.f4 Nc6 14.Nd5 Rc8 15.Nxf6+ Bxf6
16.Bxf7+ Kxf7 17.Rxd7+ Ke6 18.Rd3 Rhe8 19.Rf1 b6 20.f5+ Kf7 21.Rd7+ Kg8 22.Be3 g5
23.Nc3 Nb8 24.Rd3 Kf7 25.Rfd1 Red8 26.Nd5 Rd7 27.g4 Rh8 28.c4 Bd8 29.b4 b5
30.cxb5 axb5 31.Bc5 h5 32.h3 hxg4 33.hxg4 Kg7 34.Nxc7 Rxc7 35.Rxd8 Rxd8 36.Rxd8 Na6
37.Kb2 Nxc5 38.bxc5 Rxc5 39.Rd5 Rc4 40.Rxe5 Kf7 41.Kb3 Rd4 42.Rxb5 Rxe4 43.Rb4 Re2
44.a4 Ke7 45.Rd4 Re1 46.Kc4 Rb1 47.Kc5 Rc1+ 48.Kb5 Rb1+ 49.Rb4 Rf1 50.a5 Kd7
51.a6 Kc7 52.Rc4+ Kb8 53.a7+ Kxa7 54.Rc7+ Kb8 55.Rg7 Kc8 56.Kc6 Kd8 57.Kd6 Ke8
58.Ke6 Kf8 59.Rxg5 Ra1 60.f6 Ra6+ 61.Kf5 Ra5+ 62.Kg6 Ra4 63.Kh5 Kf7 64.Rf5 Ra8
65.g5 Rh8+ 66.Kg4 Kg6 67.Rf3 Ra8 68.Rf4 Rb8 69.Ra4 Rb5  1/2-1/2

[Event "Cacak"]
[Site "Cacak"]
[Date "1996.??.??"]
[Round "3"]
[White "Georgiev, Kiril"]
[Black "Marinkovic, Ivan"]
[Result "1/2-1/2"]
[WhiteElo "2620"]
[BlackElo "2505"]

1.d4 Nf6 2.Bg5 c5 3.Bxf6 gxf6 4.d5 Qb6 5.Qc1 f5 6.g3 Bg7 7.c3 d6 8.Bg2 Nd7
9.Nh3 h5 10.Nd2 h4 11.Nf3 hxg3 12.hxg3 Nf6 13.Nh4 Bd7 14.Qc2 Ne4 15.Nf4 O-O-O
16.Bxe4 fxe4 17.O-O-O Qa6 18.Kb1 Qa4 19.Qd2 Bf6 20.Nhg2 Rdg8 21.Ne3 b5 22.Rc1 Kb8
23.Rcd1 a6 24.Qc1 b4 25.b3 Qb5 26.c4 Qa5 27.Rxh8 Rxh8 28.Rh1 Qd8 29.Qg1 Qg8
30.Qg2 Rxh1+ 31.Qxh1 Bh8 32.Qh6 Bf6 33.Qh1 Bh8 34.Qh6 Bf6 35.Qh1  1/2-1/2

[Event "Cacak"]
[Site "Cacak"]
[Date "1996.??.??"]
[Round "5"]
[White "Hodgson, Julian M"]
[Black "Strikovic, Aleksa"]
[Result "1/2-1/2"]
[WhiteElo "2550"]
[BlackElo "2550"]

1.d4 Nf6 2.Bg5 g6 3.Bxf6 exf6 4.c4 d6 5.Nc3 Bg7 6.g3 O-O 7.Bg2 f5 8.e3 Nd7
9.Nge2 Nf6 10.b4 c6 11.O-O Re8 12.a4 Ne4 13.Qd3 Be6 14.a5 Rc8 15.Rfc1 d5
16.cxd5 cxd5 17.a6 b6 18.Nf4 Qd7 19.Bf1 Bf8 20.b5 Kg7 21.Be2 Rc7  1/2-1/2

[Event "Cacak"]
[Site "Cacak"]
[Date "1996.??.??"]
[Round "9"]
[White "Hodgson, Julian M"]
[Black "Marinkovic, Ivan"]
[Result "1/2-1/2"]
[WhiteElo "2550"]
[BlackElo "2505"]

1.d4 Nf6 2.Bg5 c5 3.d5 Ne4 4.Bf4 Qb6 5.Bc1 g6 6.f3 Nf6 7.Nh3 Bg7 8.e4 O-O
9.c4 e6 10.Nc3 exd5 11.cxd5 d6 12.Nf2 Nbd7 13.Be2 a6 14.O-O Rb8 15.a4 Ne8  1/2-1/2

[Event "Cairo op"]
[Site "Cairo"]
[Date "1996.??.??"]
[Round "2"]
[White "Fatehy, Alamir"]
[Black "Sarwat, Walaa"]
[Result "1-0"]
[WhiteElo "2020"]
[BlackElo "2350"]

1.d4 Nf6 2.Bg5 c5 3.Bxf6 gxf6 4.d5 Qb6 5.Qc1 f5 6.c4 Bg7 7.Nc3 d6 8.e3 Nd7
9.Qd2 Nf6 10.Bd3 e5 11.dxe6 fxe6 12.Nge2 Bd7 13.O-O O-O-O 14.a3 Rhg8 15.Rab1 Qc7
16.b4 Bh6 17.g3 b6 18.a4 cxb4 19.Nb5 Bxb5 20.cxb5 Qf7 21.Rfc1+ Kb7 22.Nd4 Rg4
23.Be2 Rgg8 24.Bf3+ d5 25.Rc6 Rge8 26.Rbc1 Bf8 27.Rc7+ Qxc7 28.Rxc7+ Kxc7
29.Nc6 Ne4 30.Bxe4 dxe4 31.Qb2 a5 32.Nxd8 Rxd8 33.Qe5+ Kd7 34.g4 fxg4 35.Qxe4 Bc5
36.Qxh7+ Kd6 37.Kg2 Re8 38.Qb7 e5 39.e4  1-0

[Event "Cairo op"]
[Site "Cairo"]
[Date "1996.??.??"]
[Round "7"]
[White "Fatehy, Alamir"]
[Black "Elsayed, Moustafa"]
[Result "0-1"]
[WhiteElo "2020"]
[BlackElo "2180"]

1.d4 Nf6 2.Bg5 c5 3.Bxf6 gxf6 4.d5 Qb6 5.Qc1 f5 6.e3 Bg7 7.c3 d6 8.g3 e5
9.Bg2 Nd7 10.Nd2 e4 11.Nc4 Qa6 12.Bf1 b5 13.Nd2 Qb7 14.Nh3 a6 15.Nf4 Nf6
16.a4 Bd7 17.axb5 axb5 18.Rxa8+ Qxa8 19.c4 b4 20.Be2 h5 21.Qb1 Kf8 22.h4 Ng4
23.Bxg4 hxg4 24.O-O Be5 25.Kg2 Kg7 26.Rc1 Qb7 27.Rh1 Ra8 28.h5 Kh6 29.Rh4 Qc8
30.Ng6 fxg6 31.hxg6+ Kxg6 32.Qh1 Qf8 33.Rh7 Bg7 34.Qh5+ Kf6 35.Nb3 Be8 36.Qh4+ Kf7
37.Nc1 Kg8 38.Ne2 Bg6 39.Rh5 Bxh5 40.Qxh5 Qf7 41.Qg5 Qg6 42.Qh5  0-1

[Event "Cairo op"]
[Site "Cairo"]
[Date "1996.??.??"]
[Round "8"]
[White "Fatehy, Alamir"]
[Black "El Assiouti, Sheriff"]
[Result "1/2-1/2"]
[WhiteElo "2020"]
[BlackElo "2265"]

1.d4 Nf6 2.Bg5 d5 3.Bxf6 exf6 4.e3 c6 5.c4 dxc4 6.Bxc4 Be7 7.Ne2 O-O 8.O-O f5
9.Nbc3 Nd7 10.Rb1 Nb6 11.Bd3 a5 12.a3 g6 13.Qc2 Be6 14.Nf4 Bc4 15.Bxc4 Nxc4
16.Qe2 Nb6 17.Rfd1 Bd6 18.Nd3 Qe7 19.Qc2  1/2-1/2

[Event "Cannes Martinez op"]
[Site "Cannes"]
[Date "1996.??.??"]
[Round "1"]
[White "Nataf, Igor Alexandre"]
[Black "Houriez, Alain"]
[Result "1-0"]
[WhiteElo "2305"]
[BlackElo "2090"]

1.d4 Nf6 2.Bg5 c5 3.Nc3 cxd4 4.Qxd4 Nc6 5.Qh4 Qa5 6.O-O-O d6 7.e4 Be6 8.a3 Rc8
9.f4 Nd8 10.f5 Bc4 11.e5 Bxf1 12.exf6 gxf6 13.Bxf6 Bxg2 14.Bxh8 Bxh1 15.Qxh7 Rc5
16.Rf1 b5 17.Nge2 Bd5 18.Qg8 b4 19.Bg7 bxc3 20.Qxf8+ Kd7 21.Bxc3 Qa6 22.Re1 Nc6
23.Nd4 Ne5 24.f6 exf6 25.Nf5 Rc6 26.Rd1 Ke6 27.Ng7+  1-0

[Event "Cannes Martinez op"]
[Site "Cannes"]
[Date "1996.??.??"]
[Round "3"]
[White "Nataf, Igor Alexandre"]
[Black "Delanoy, Arnaud"]
[Result "1-0"]
[WhiteElo "2305"]
[BlackElo "2150"]

1.d4 d5 2.Bg5 Nf6 3.e3 e6 4.Nd2 Be7 5.Bd3 Nbd7 6.f4 c5 7.c3 Ng8 8.Ngf3 h6
9.Bxe7 Qxe7 10.O-O f5 11.Ne5 Nxe5 12.fxe5 Bd7 13.c4 g6 14.Rc1 b6 15.Qf3 Bc6
16.cxd5 Bxd5 17.e4 Bb7 18.Nc4 Kf8 19.Nd6 cxd4 20.Qg3  1-0

[Event "Cannes Martinez op"]
[Site "Cannes"]
[Date "1996.??.??"]
[Round "4"]
[White "Nataf, Igor Alexandre"]
[Black "Levacic, Patrick"]
[Result "1-0"]
[WhiteElo "2305"]
[BlackElo "2345"]

1.d4 Nf6 2.Bg5 c5 3.Nc3 Qb6 4.Nf3 cxd4 5.Qxd4 Qxd4 6.Nxd4 Nc6 7.Ndb5 Rb8
8.O-O-O a6 9.Nc7+ Kd8 10.N7d5 b5 11.Bf4 d6 12.Nxf6 gxf6 13.g3 Be6 14.Bg2 Ne5
15.Be3 h5 16.Ba7 Rc8 17.Bb7 Rxc3 18.bxc3 Bxa2 19.f4 Nd7 20.Kb2 Kc7 21.Bxa6 Bc4
22.Rd2 h4 23.Ra1  1-0

[Event "Cannes Martinez op"]
[Site "Cannes"]
[Date "1996.??.??"]
[Round "6"]
[White "Thiriet, Benoit"]
[Black "Birens, Eric Andre"]
[Result "0-1"]
[WhiteElo "2200"]
[BlackElo "2135"]

1.d4 Nf6 2.Bg5 c5 3.d5 Qb6 4.Nc3 Qxb2 5.Bd2 Qb6 6.e4 e5 7.f4 d6 8.Rb1 Qd8
9.Nf3 Nbd7 10.Be2 a6 11.a4 Be7 12.O-O O-O 13.f5 Qc7 14.Qe1 c4 15.Kh1 Nc5
16.Bd1 Bd7 17.Rb4 b5 18.axb5 axb5 19.Bg5 Qa5 20.Rb1 b4 21.Bxf6 Bxf6 22.g4 bxc3
23.g5 Qd8 24.Qh4 Nxe4 25.Qxe4 Bxg5 26.Nxg5 Qxg5 27.Rb7 Rad8 28.Rc7 g6 29.fxg6 fxg6
30.Rg1 Rf4 31.Qe2 Qf6 32.Rxc4 Bf5 33.Rg3 Rf8 34.Rg1 Rxc4 35.Qxc4 e4 36.Rg3 Rc8
37.Qa6 Qd4 38.Bg4 Bxg4 39.Rxg4 Qd1+ 40.Rg1 Qf3+ 41.Rg2 Rb8 42.Qa1 e3 43.Kg1 e2
44.Qe1 Qe3+ 45.Rf2  0-1

[Event "Cannes Martinez op"]
[Site "Cannes"]
[Date "1996.??.??"]
[Round "8"]
[White "Thiriet, Benoit"]
[Black "Durig, C."]
[Result "1/2-1/2"]
[WhiteElo "2200"]
[BlackElo "1930"]

1.d4 Nf6 2.Bg5 d5 3.Bxf6 exf6 4.e3 c6 5.Nd2 Bd6 6.Bd3 Nd7 7.Ne2 O-O 8.c4 Re8
9.Qc2 Nf8 10.Nc3 Be6 11.cxd5 cxd5 12.Qb3 Bc7 13.Rc1 Ba5 14.O-O Re7 15.Qa3 Rd7
16.Nb3 Bc7 17.Nc5 Bd6 18.b4 Re7 19.Qb3 Rc8 20.g3 Bb8 21.Rfe1 b6 22.Na6 Rd7
23.Bf1 Bd6 24.b5 Be7 25.Bg2 Ng6 26.Ne2 Rc4 27.Rxc4 dxc4 28.Qc3 Qc8 29.e4 Rd8
30.a4 f5 31.d5 Bf6 32.Nd4 fxe4 33.dxe6 Rxd4 34.exf7+ Kxf7 35.Qc2 Ne5 36.Bxe4 g6
37.Nb4 Qc5 38.Nc6 Nxc6 39.Bxc6 c3  1/2-1/2

[Event "Cannes Martinez op"]
[Site "Cannes"]
[Date "1996.??.??"]
[Round "9"]
[White "Lebel Arias, Julia"]
[Black "Fargere, J."]
[Result "0-1"]
[WhiteElo "2090"]
[BlackElo "1960"]

1.d4 Nf6 2.Bg5 d5 3.Bxf6 gxf6 4.e3 Nc6 5.c4 Bf5 6.Nc3 dxc4 7.Bxc4 e6 8.Nge2 Rg8
9.Ng3 Bg6 10.a3 f5 11.Nce2 h5 12.Nf4 h4 13.Nge2 Bd6 14.Qa4 Qd7 15.Rd1 Ne7
16.Qxd7+ Kxd7 17.b4 c6 18.O-O Nd5 19.Bxd5 cxd5 20.Rc1 Rg7 21.Nd3 Bh5 22.f3 Rag8
23.Nef4 b6 24.Rc2 Bg6 25.a4 f6 26.b5 Be8 27.Rfc1 Ba3 28.Rc7+ Kd6 29.Rxg7 Rxg7
30.Rc3 e5 31.Ne2 Bh5 32.Rxa3 Bxf3 33.dxe5+ fxe5 34.Kf2 Bxe2 35.Kxe2 Rxg2+
36.Nf2 Rxh2 37.Rc3 d4 38.exd4 exd4 39.Rh3 Rxh3 40.Nxh3 Kc5 41.Kd3 Kb4 42.Kxd4 Kxa4
43.Kc4 Ka5 44.Nf4 a6 45.bxa6 Kxa6 46.Kd3 b5 47.Ke3 b4 48.Kd3 Kb5 49.Ne6 h3
50.Nd4+ Ka4 51.Nf3 Ka3 52.Ke2 b3 53.Kf2 f4 54.Nd2 b2 55.Nb1+ Ka2 56.Nc3+ Ka1  0-1

[Event "Celle Ligure op"]
[Site "Celle Ligure"]
[Date "1996.??.??"]
[Round "2"]
[White "Zlochevskij, Alexander"]
[Black "Vismara, Daniele"]
[Result "1-0"]
[WhiteElo "2405"]
[BlackElo "2235"]

1.d4 Nf6 2.Bg5 g6 3.Bxf6 exf6 4.g3 f5 5.Bg2 Bg7 6.e3 d6 7.Ne2 Nd7 8.c4 O-O
9.O-O c5 10.Nbc3 a6 11.Qd2 Rb8 12.a4 Nf6 13.a5 Be6 14.b3 Qc7 15.Rfd1 Rbd8
16.Nf4 Rfe8 17.Nfd5 Bxd5 18.Nxd5 Nxd5 19.Bxd5 b6 20.b4 cxb4 21.Qxb4 Rb8 22.Rdc1 g5
23.Qd2 Bf6 24.Qd3 Qd7 25.axb6 Rxb6 26.c5 dxc5 27.dxc5 Bxa1 28.cxb6 Be5 29.b7 Rb8
30.Rc8+ Kg7 31.f4 gxf4 32.gxf4 Rxc8 33.bxc8=Q Qxc8 34.fxe5 Qc1+ 35.Kg2 Qb2+
36.Kh3 Qxe5 37.Qd4 f6 38.Bc4 a5 39.Bd3 Kg6 40.Kg2 Kg5 41.h4+ Kg6 42.Kf3 h5
43.Qd7 Qc5 44.Qe8+ Kh6 45.Qe6 Kg6 46.Qe8+ Kh6 47.Qb5 Qc1 48.Qxf5 Qh1+ 49.Ke2 Qg2+
50.Ke1 Qg1+ 51.Kd2 Qh2+ 52.Kc1 Qg1+ 53.Kb2 Kg7 54.Qd7+ Kf8 55.Qd8+  1-0

[Event "Capablanca mem-A"]
[Site "Cienfuegos"]
[Date "1996.??.??"]
[Round "9"]
[White "Conquest, Stuart"]
[Black "Garcia, Gildardo"]
[Result "1-0"]
[WhiteElo "2540"]
[BlackElo "2525"]

1.d4 Nf6 2.Bg5 c5 3.Nc3 cxd4 4.Qxd4 Nc6 5.Qh4 e6 6.e4 Be7 7.Nf3 Qa5 8.Bb5 d6
9.O-O Bd7 10.Rfe1 a6 11.Bxc6 Bxc6 12.e5 dxe5 13.Nxe5 Rc8 14.Rad1 O-O 15.Rd3 Qb4
16.f4 Qb6+ 17.Kh1 Qxb2 18.Rg3 Kh8 19.Bh6 g6 20.Bg5 Kg7 21.Qh6+ Kg8 22.Bxf6  1-0

[Event "Obro Nytaar op"]
[Site "Copenhagen"]
[Date "1996.??.??"]
[Round "4"]
[White "Thuesen, Mogens"]
[Black "Hoi, Carsten"]
[Result "0-1"]
[WhiteElo "2230"]
[BlackElo "2445"]

1.d4 Nf6 2.Bg5 g6 3.Bxf6 exf6 4.e3 Bg7 5.Bd3 d5 6.Ne2 c6 7.Nd2 Nd7 8.c4 dxc4
9.Nxc4 Nb6 10.O-O O-O 11.Na5 Nd5 12.Qd2 Bh6 13.Bc4 Re8 14.Bxd5 Qxd5 15.b4 b6
16.Nb3 Bb7 17.Nc3 Qd6 18.Rab1 f5 19.Rfd1 Rad8 20.Qd3 Qe7 21.Re1 Qxb4 22.e4 fxe4
23.Rxe4 Rxe4 24.Nxe4 Qe7  0-1

[Event "Copenhagen-ch"]
[Site "Copenhagen"]
[Date "1996.??.??"]
[Round "5"]
[White "Bjerring, Kai"]
[Black "Olesen, Martin"]
[Result "1/2-1/2"]
[WhiteElo "2365"]
[BlackElo "2400"]

1.d4 Nf6 2.Bg5 g6 3.Nc3 d6 4.e4 Bg7 5.f4 c6 6.Nf3 b5 7.Bd3 b4 8.Ne2 Bg4 9.O-O Qb6
10.Kh1 O-O 11.a3 Nbd7 12.axb4 Qxb4 13.c3 Qxb2 14.c4 Bxf3 15.gxf3 e5 16.fxe5 dxe5
17.Qa4 Qb7 18.d5 Nc5 19.Qa3 Nxd3 20.Qxd3 a5 21.Rfd1 cxd5 22.cxd5 Nd7 23.Be3 f5
24.Rab1 fxe4 25.fxe4 Qa6 26.Qxa6 Rxa6 27.Rb7 Rf7 28.Rc1 a4 29.Rc8+ Nf8 30.Rbb8 Rf1+
31.Kg2 Ra1 32.Bc5 Rf6 33.Nc3 Rc1 34.Nxa4 Rc2+ 35.Kg3 Bh6 36.Bxf8 Bf4+ 37.Kg4 h5+
38.Kf3 Bh6+ 39.Kg3 Bf4+ 40.Kf3 Bh6+ 41.Kg3 Bf4+  1/2-1/2

[Event "Politiken Cup"]
[Site "Copenhagen"]
[Date "1996.??.??"]
[Round "9"]
[White "Arduman, Can"]
[Black "Bekker Jensen, David"]
[Result "1-0"]
[WhiteElo "2410"]
[BlackElo "2220"]

1.d4 Nf6 2.Bg5 g6 3.Bxf6 exf6 4.c4 f5 5.e3 b6 6.Be2 Bb7 7.Bf3 c6 8.Ne2 Bg7
9.Nbc3 a6 10.b4 Qc7 11.O-O d6 12.a4 Nd7 13.b5 c5 14.Bxb7 Qxb7 15.bxa6 Rxa6
16.Nb5 O-O 17.Nxd6 Qc6 18.Nb5 cxd4 19.Nexd4 Qxc4 20.Rc1 Qxa4 21.Nc7 Qxd1
22.Rfxd1 Ra4 23.Nxf5 gxf5 24.Rxd7 Rc8 25.Rdd1 Ra5 26.f4 Bf8 27.Rc3 Bg7 28.Rcc1 Bf8
29.Kf2 Ba3 30.Rc3 Bb4 31.Rc4 Ra2+ 32.Kf3 b5 33.Rxb4 Rxc7 34.Rxb5 Rcc2 35.Rxf5 Rxg2
36.Rd8+ Kg7 37.Rd7 Rgf2+ 38.Ke4 Ra4+ 39.Kd3 Ra3+ 40.Kc4 Rxe3 41.Rfxf7+ Kg6
42.Rg7+ Kh6 43.Rxh7+ Kg6 44.Rdg7+ Kf6 45.Rf7+ Kg6 46.Rhg7+ Kh6 47.Kd4 Ree2
48.Rg3 Rxh2 49.Rf8 Rd2+ 50.Ke4 Rhe2+ 51.Kf5 Rd5+ 52.Kg4 Kg7 53.Ra8 Kf6 54.Rh3 Rg2+
55.Kf3 Rg6 56.Rh7 Kf5 57.Rh5+ Ke6 58.Ra6+ Kf7 59.Ra7+ Ke6 60.Rhh7 Rd6 61.Ke4  1-0

[Event "Politiken Cup"]
[Site "Copenhagen"]
[Date "1996.??.??"]
[Round "10"]
[White "Hodgson, Julian M"]
[Black "Akesson, Ralf"]
[Result "1-0"]
[WhiteElo "2615"]
[BlackElo "2505"]

1.d4 Nf6 2.Bg5 d5 3.Nd2 Nbd7 4.Ngf3 g6 5.c4 dxc4 6.e4 Nb6 7.a4 a5 8.Qc2 Bg7
9.Nxc4 Nxc4 10.Bxc4 O-O 11.O-O c6 12.Rfe1 Ne8 13.h3 Nd6 14.Ba2 Re8 15.Rad1 Qb6
16.e5 Bf5 17.Qc1 Nc8 18.Bh6 Qb4 19.Qf4 Rf8 20.Qh4 Bc2 21.Ng5 Bxd1 22.Rxd1 Bxe5
23.Bxf8 Kxf8 24.Qxh7  1-0

[Event "Corsico op2"]
[Site "Corsico"]
[Date "1996.??.??"]
[Round "1"]
[White "Caselli, Luigi"]
[Black "Piantoni, Roberto"]
[Result "1/2-1/2"]
[WhiteElo "2325"]
[BlackElo "2170"]

1.d4 Nf6 2.Bg5 c5 3.d5 Ne4 4.Bf4 Qb6 5.Nd2 Qxb2 6.Nxe4 Qb4+ 7.Qd2 Qxe4 8.e3 g5
9.f3 Qg6 10.Be5 Bg7 11.Bd3 Qh6 12.Bxg7 Qxg7 13.Rb1 d6 14.Ne2 Nd7  1/2-1/2

[Event "Corsico op2"]
[Site "Corsico"]
[Date "1996.??.??"]
[Round "2"]
[White "Ubezio, Marco"]
[Black "Piantoni, Roberto"]
[Result "1/2-1/2"]
[WhiteElo "2190"]
[BlackElo "2170"]

1.d4 Nf6 2.Bg5 c5 3.Bxf6 gxf6 4.d5 Qb6 5.Qc1 Bg7 6.c3 d6 7.Nd2 Nd7 8.Ngf3 Qc7
9.e3 f5 10.Qc2 Nf6 11.Bb5+ Bd7 12.a4 Bxb5 13.axb5 Nxd5 14.Qxf5 e6 15.Qg4 O-O
16.e4 Nf6 17.Qf4 e5 18.Qf5 Qb6 19.c4 a6 20.bxa6 Rxa6 21.Rxa6 Qxa6 22.O-O b5
23.b3 b4 24.h4 Ra8 25.Rd1 Qc6 26.h5 h6 27.g4 Qc8 28.Qxc8+  1/2-1/2

[Event "Corsico op"]
[Site "Corsico"]
[Date "1996.??.??"]
[Round "4"]
[White "Ubezio, Marco"]
[Black "Hitzgerova, Gabriela"]
[Result "0-1"]
[WhiteElo "2195"]
[BlackElo "2125"]

1.d4 Nf6 2.Bg5 g6 3.Bxf6 exf6 4.e3 Bg7 5.Bd3 f5 6.Nd2 d5 7.h4 Nd7 8.h5 Nf6
9.hxg6 fxg6 10.Nh3 Ne4 11.Nf4 c6 12.Qf3 Qe7 13.O-O-O Be6 14.Kb1 O-O-O 15.Nb3 Kb8
16.Rc1 Bf7 17.Ka1 Bf6 18.c4 dxc4 19.Bxc4 Bxc4 20.Rxc4 Nd6 21.Rc2 Ne4 22.Rhc1 Rd7
23.Qe2 Qf7 24.f3 Ng5 25.Nc5 Rd6 26.d5 cxd5 27.Qb5 a6 28.Qb4 Rhd8 29.Nxd5 Qxd5
30.Rd2 Qc6 31.Nb3 Qb6 32.Qf4 Ne6 33.Qg3 f4 34.Rxd6 Qxd6 35.Qe1 fxe3 36.Qa5 Qe5  0-1

[Event "CZE-chT 9596"]
[Site "?"]
[Date "1996.??.??"]
[Round "5"]
[White "Sabol, Marian"]
[Black "Jurasek, Miroslav"]
[Result "1/2-1/2"]
[WhiteElo "2240"]
[BlackElo "2240"]

1.d4 Nf6 2.Bg5 d5 3.Bxf6 exf6 4.e3 c6 5.Bd3 Bd6 6.c3 Nd7 7.Nd2 Nf8 8.Qc2 Ne6
9.Ne2 g6 10.h4 f5 11.g3 Bd7 12.Nf4 Bxf4 13.gxf4 c5 14.dxc5 Nxc5 15.Nf3 Rc8
16.h5 Qf6 17.Nd4 Ne6 18.Nxe6 fxe6 19.hxg6 hxg6 20.O-O-O Bc6 21.Rxh8+ Qxh8
22.f3 Qh3 23.Qf2 Kf7 24.Bf1 Qh8 25.Qg3 Qf6 26.Bd3 Rh8 27.Rg1 Rh6 28.Be2 Qh4
29.Qg2 Qh2 30.Kd2 Qxg2 31.Rxg2 Rh1 32.Rf2 Ra1 33.a3 Ba4 34.Rf1 Rxf1 35.Bxf1 Kf6
36.Bg2 Bb5 37.Ke1 g5 38.fxg5+ Kxg5 39.f4+ Kf6 40.Bf3 Bc6 41.Kd2 e5 42.Bd1 Ke6
43.Bc2 Bb5 44.Bd1  1/2-1/2